000 00911nas a2200301 4500
001 BR0602381
003 BR-BrBNA
005 20231205110031.0
007 ta
008 230509b bl.|||p| |||| 00| 00por d
040 _aBR-BrBNA
_bpor
_cBiblioteca Nacional de Agricultura
041 _a(Pt)
072 _aF08; F04; F01
100 1 _aBasso, C.J.
100 1 _aCeretta, C.A.
100 1 _aDurigon, R.
100 1 _aPoletto, N.
100 1 _aGirotto, E.
245 1 _aDejeto líquido de suínos: II - perdas de nitrogênio e fósforo por percolação no solo sob plantio direto
650 _aMILHO
650 _aAVEIA FORRAGEIRA
650 _aROTAÇÃO DE CULTURA
650 _aPLANTIO DIRETO
650 _aADUBAÇÃO
773 0 _tCiência Rural (Brazil)
_xISSN 0103-8478
_g(Nov-Dec 2005), v. 35(6) p. 1305-1312
_wBR0602381
909 _a202311
_bLúcia
_c55
_dLúcia Elande
942 _2AGRIS
_n0
_cANA
999 _c185906
_d185906